[Event "Nuremberg Zabo op 04th"]
[Site "Nuremberg"]
[Date "2002.09.28"]
[Round "3"]
[White "Koegler, Christian"]
[Black "Kuespert, Stefan"]
[Result "0-1"]
[WhiteElo "1397"]
[BlackElo "1163"]
[PlyCount "50"]
[EventDate "2002.09.27"]
[EventType "swiss"]
[EventRounds "5"]
[EventCountry "GER"]
[SourceTitle "EXT 2003"]
[Source "ChessBase"]
[SourceDate "2002.11.25"]
[SourceVersion "1"]
[SourceVersionDate "2002.11.25"]
[SourceQuality "1"]

1. b3 Nf6 2. Bb2 b6 3. d3 g6 4. Nd2 Bg7 5. e4 d6 6. f4 0-0 7. Ngf3 Nbd7 8. h3 e5 9. fxe5 Nh5 10. Kf2 Nxe5 11. d4 Nxf3 12. Nxf3 Nf6 13. Bd3 Bb7 14. Re1 Re8 15. Nd2 Bh6 16. e5 dxe5 17. Rxe5 Rxe5 18. dxe5 Nh5 19. Ne4 Qh4+ 20. g3 Qxh3 21. Qf3 Qh2+ 22. Ke1 Bxe4 23. Bxe4 Rd8 24. Bd3 Nxg3 25. Rd1 Qg1+ 0-1

[Event "Nuremberg Zabo op 04th"]
[Site "Nuremberg"]
[Date "2002.09.27"]
[Round "1"]
[White "Kuespert, Stefan"]
[Black "Kuhmann, Peter"]
[Result "0-1"]
[WhiteElo "1163"]
[BlackElo "1791"]
[PlyCount "40"]
[EventDate "2002.09.27"]
[EventType "swiss"]
[EventRounds "5"]
[EventCountry "GER"]
[SourceTitle "EXT 2003"]
[Source "ChessBase"]
[SourceDate "2002.11.25"]
[SourceVersion "1"]
[SourceVersionDate "2002.11.25"]
[SourceQuality "1"]

1. c4 Nf6 2. Nc3 d5 3. e3 g6 4. d4 c6 5. c5 Bg7 6. Nf3 0-0 7. Be2 Nbd7 8. 0-0 Qc7 9. h3 e5 10. b4 Ne4 11. Bb2 Nxc3 12. Bxc3 e4 13. Nd2 Nf6 14. Re1 Be6 15. Bf1 Nd7 16. a4 f5 17. f3 Qg3 18. f4 g5 19. fxg5 f4 20. Be2 Qxe3+ 0-1